| 000 | 00446nam a22001697a 4500 | ||
|---|---|---|---|
| 003 | NUST - PNEC | ||
| 005 | 20170116181052.0 | ||
| 008 | 150929b xxu||||| |||| 00| 0 eng d | ||
| 020 | _a0135801761 | ||
| 040 | _cLIBRARY | ||
| 082 | _a629.8 KAL | ||
| 100 |
_911921 _aKalani, Ghodrat |
||
| 245 |
_aMicroprocessor based distributed control systems _cGhodrat Kalani |
||
| 260 | _cc1988 | ||
| 650 |
_97706 _aAutomatic control _xME |
||
| 942 |
_2ddc _cBK |
||
| 999 |
_c68415 _d68415 |
||